La systemique, pense et agir dans la complexite
Αποθηκεύτηκε σε:
| Κύριοι συγγραφείς: | , |
|---|---|
| Μορφή: | Βιβλίο |
| Γλώσσα: | French |
| Δημοσίευση: |
Paris :
Editions Liaisons,
2002
|
| Σειρά: | Entreprise and carrieres
|
| Θέματα: | |
| Ετικέτες: |
Προσθήκη ετικέτας
Δεν υπάρχουν, Καταχωρήστε ετικέτα πρώτοι!
|
MARC
| LEADER | 00000cam a2200000 a 4500 | ||
|---|---|---|---|
| 001 | 1/110624 | ||
| 008 | 160420t2002####fr | ||| |||| ||fre|| | ||
| 020 | |a 2878804414 | ||
| 040 | |a GR-MyUa |b gre |c GR-MyUa |e AACR2 | ||
| 041 | 0 | |a fre | |
| 082 | 7 | |a 003 |2 (23) | |
| 100 | 1 | |a Donnadieu, Gerald. | |
| 245 | 1 | 2 | |a La systemique, pense et agir dans la complexite / |c Gerard Donnadieu, Michel Karsky. |
| 260 | |a Paris : |b Editions Liaisons, |c 2002 | ||
| 300 | |a 269 σ. |c 24 εκ. | ||
| 490 | 1 | |a Entreprise & carrières | |
| 650 | 0 | |a System analysis. | |
| 650 | 0 | |a Complex organizations. | |
| 700 | 1 | |a Karsky, Michel, |e aut | |
| 830 | 0 | |a Entreprise and carrieres | |
| 852 | |a INST |b SAMOS |e 20160420 |h 003 DON |p 005300043423 |q 005300043423 |t BK |y 0 | ||
| 970 | |a Γουβάλα |b Βάσω |z 20-04-2016 | ||